[Event "San Cristobal de La Laguna op 2nd"]
[Site "San Cristobal de la Laguna"]
[Date "2019.09.02"]
[Round "3"]
[White "Martin Luis, Cesar"]
[Black "Behrndt, Helmut"]
[Result "1-0"]
[WhiteElo "2136"]
[BlackElo "1916"]
[PlyCount "61"]
[EventDate "2019.08.31"]
[EventType "swiss"]
[EventRounds "9"]
[EventCountry "ESP"]
[SourceTitle "EXT 2020"]
[Source "ChessBase"]
[SourceDate "2019.10.17"]
[SourceVersion "1"]
[SourceVersionDate "2019.10.17"]
[SourceQuality "1"]

1. c4 b6 2. Nf3 Bb7 3. Nc3 e6 4. d4 Nf6 5. Bg5 Be7 6. e3 Ne4 7. Nxe4 Bxe4 8. Bxe7 Qxe7 9. Nd2 Bb7 10. Be2 0-0 11. Bf3 d5 12. 0-0 Nd7 13. Rc1 Rac8 14. Qa4 a6 15. b4 c5 16. bxc5 bxc5 17. Rb1 Rc7 18. Qa3 Nf6 19. dxc5 Rb8 20. cxd5 Nxd5 21. Rfc1 Qd8 22. Qb2 Rbc8 23. Qd4 Bc6 24. Ne4 Rb7 25. Rxb7 Bxb7 26. Nd6 Rb8 27. Nxb7 Rxb7 28. c6 Rc7 29. e4 Qf6 30. Qd2 Nf4 31. Rd1 1-0

[Event "Regionalliga SO 0809"]
[Site "Bayern"]
[Date "2008.10.26"]
[Round "2.8"]
[White "Schmid, Dieter"]
[Black "Behrndt, Helmut"]
[Result "0-1"]
[WhiteElo "1837"]
[BlackElo "1736"]
[PlyCount "74"]
[EventDate "2008.10.05"]
[EventType "team-tourn"]
[EventRounds "9"]
[EventCountry "GER"]
[SourceTitle "EXT 2020"]
[Source "ChessBase"]
[SourceDate "2019.10.17"]
[SourceVersion "1"]
[SourceVersionDate "2019.10.17"]
[SourceQuality "1"]
[WhiteTeam "Pang/Rosenheim II"]
[BlackTeam "Ebersberg"]
[WhiteTeamCountry "GER"]
[BlackTeamCountry "GER"]

1. d4 b6 2. c4 Bb7 3. Nc3 e6 4. Bf4 f5 5. Qd2 Nf6 6. f3 d5 7. cxd5 Nxd5 8. Nxd5 Bxd5 9. Qc3 Nc6 10. a3 Bd6 11. Bxd6 cxd6 12. e3 0-0 13. b4 Rc8 14. Ba6 Rc7 15. Qd2 Nb8 16. Bd3 Qh4+ 17. g3 Qf6 18. Rb1 Kh8 19. h4 e5 20. dxe5 Qxe5 21. Rh3 Nd7 22. a4 Rfc8 23. f4 Qe6 24. Ne2 Re8 25. Nd4 Qxe3+ 26. Qxe3 Rxe3+ 27. Kd2 Rxd3+ 28. Kxd3 Be4+ 29. Ke3 Bxb1 30. Nb5 Rc4 31. Nxd6 Rxb4 32. Rh1 Be4 33. Rd1 Nf6 34. Nf7+ Kg8 35. Ng5 Ng4+ 36. Ke2 Rb2+ 37. Ke1 Rb1 0-1

[Event "Regionalliga SO 0809"]
[Site "Bayern"]
[Date "2008.10.05"]
[Round "1.8"]
[White "Behrndt, Helmut"]
[Black "Kraft, Dieter"]
[Result "1/2-1/2"]
[WhiteElo "1736"]
[BlackElo "1783"]
[PlyCount "72"]
[EventDate "2008.10.05"]
[EventType "team-tourn"]
[EventRounds "9"]
[EventCountry "GER"]
[SourceTitle "EXT 2020"]
[Source "ChessBase"]
[SourceDate "2019.10.17"]
[SourceVersion "1"]
[SourceVersionDate "2019.10.17"]
[SourceQuality "1"]
[WhiteTeam "Ebersberg"]
[BlackTeam "Starnberg"]
[WhiteTeamCountry "GER"]
[BlackTeamCountry "GER"]

1. e4 c5 2. b3 Nc6 3. Bb2 d6 4. f4 Nf6 5. Nc3 e6 6. Nf3 Be7 7. Bb5 Bd7 8. Bxc6 Bxc6 9. Qe2 a6 10. e5 dxe5 11. Nxe5 Qd6 12. Nxc6 Qxc6 13. 0-0-0 0-0-0 14. f5 Rhe8 15. fxe6 Bf8 16. Qf3 Qxf3 17. gxf3 Rxe6 18. Rde1 Rde8 19. Rxe6 Rxe6 20. Kd1 Kd7 21. Re1 Rxe1+ 22. Kxe1 Ke6 23. Ke2 h5 24. Nd1 Nd5 25. c4 Nf4+ 26. Ke3 g5 27. Nf2 f5 28. d4 cxd4+ 29. Bxd4 Bd6 30. h3 Be5 31. Bc5 Bc3 32. Bd4 Be1 33. Nd3 Nxd3 34. Kxd3 g4 35. fxg4 fxg4 36. hxg4 hxg4 1/2-1/2